Aboriginal Australia quiz - Statistics

General Stats
  • This quiz has been taken 108 times
  • The average score is 6 of 10
Answer Stats
Question Answer % Correct
Which one of these isn’t a colour in the Aboriginal flag? Blue
97%
Aboriginals and Torres Strait Islanders are some of the longest lasting people groups. True
97%
On average, currently how many Aboriginal groups are in Australia? 350
79%
Estimated, when did the first people arrive in Australia? 50000 - 60000 years ago
79%
How did Aboriginals get to Australia? A land bridge that no longer exists
72%
Which one of these isn’t “bushtucker” Wild sheep
66%
What is the largest Aboriginal peoples group in New South Wales? Hint - not all of them are real names - Wirajuri
59%
Which one of these places didn’t Aboriginals come from? New Zealand
55%
On average before Colonisation, how many Aboriginal languages are there? 210
10%
What Australian State/Territory has the most Aboriginal peoples? Queensland
10%
No matching quizzes found
Score Distribution
Percent of People with Each Score
Percentile by Number Answered
Your Score History
You have not taken this quiz